000 00537nam a2200193Ia 4500
005 20250923145340.0
008 008 250917s9999 xx 000 0 eng d
037 _aTextual
040 _aDSWL
_beng
_cDSWL
041 _aeng
_2eng
084 _aL
_qDSWL
245 4 _aThe Functional analysis of health needs and Services
_cBy Asia Publication House
260 _aBombay
_bAsia Pub. House
_c1976
300 _axiv,292p.
365 _aINR
_b54 . 0
925 _g54 . 0
942 _cTEXL
_hL
999 _c1450290
_d1450290